| 000 | 00389 a2200145 4500 | ||
|---|---|---|---|
| 999 |
_c4705 _d4705 |
||
| 020 | _a0797425845 | ||
| 050 | _aPL8379.9 EPP 2003 | ||
| 100 | _aEppel, John | ||
| 245 |
_a'amaBooks guidelines: _bI will marry when i want / _cJohn Eppel |
||
| 264 |
_aBulawayo _bamaBooks _c2003 |
||
| 300 | _a39p. : | ||
| 500 | _aNdebele fiction | ||
| 650 | _aNdebele fiction | ||
| 942 |
_2lcc _cBK _h8379.9 _iEPP _kPL |
||